[Event "TOP 16"]
[Site "Guingamp FRA"]
[Date "2010.06.05"]
[Round "10"]
[White "Sighirdjian, Eric Mikhail"]
[Black "Lefevre, Margaux"]
[Result "1-0"]
[WhiteElo "2149"]
[BlackElo "2036"]
[PlyCount "75"]
[EventDate "2010.03.26"]
[EventType "team"]
[EventRounds "11"]
[EventCountry "FRA"]
[Source "Mark Crowther"]
[SourceDate "2010.06.07"]

1. Nc3 Nf6 2. e4 e5 3. Bc4 Bc5 4. d3 d6 5. h3 Nc6 6. Bg5 Nd4 7. Nd5 c6 8. Nxf6+
gxf6 9. Bh4 d5 10. Bb3 Be6 11. Nf3 Nxb3 12. axb3 Be7 13. Qd2 dxe4 14. dxe4
Qxd2+ 15. Nxd2 f5 16. Bxe7 Kxe7 17. exf5 Bxf5 18. O-O-O f6 19. Rhe1 Be6 20. f4
Rad8 21. fxe5 f5 22. Re3 Rhg8 23. g3 Bd5 24. c4 Bg2 25. Rg1 Bxh3 26. Rh1 f4 27.
gxf4 Bf5 28. Ne4 Rg2 29. Nd6 Rc2+ 30. Kb1 Rxd6 31. exd6+ Kxd6 32. Ka2 Rf2 33.
Rd1+ Kc7 34. Re7+ Kb6 35. Ka3 Rxf4 36. Rf7 Kc5 37. Re1 Kd6 38. Rf6+ 1-0

[Event "TOP 16"]
[Site "Guingamp FRA"]
[Date "2010.06.06"]
[Round "11"]
[White "Kazhgaleyev, Murtas"]
[Black "Dumitrache, Dragos"]
[Result "1-0"]
[WhiteElo "2637"]
[BlackElo "2467"]
[PlyCount "37"]
[EventDate "2010.03.26"]
[EventType "team"]
[EventRounds "11"]
[EventCountry "FRA"]
[Source "Mark Crowther"]
[SourceDate "2010.06.07"]

1. e4 e5 2. Nf3 Nc6 3. Bb5 Nf6 4. d3 d6 5. c3 g6 6. O-O Bg7 7. h3 O-O 8. Re1
Bd7 9. Ba4 Qe8 10. Bc2 Nh5 11. d4 Kh8 12. Na3 h6 13. Nc4 Rd8 14. a4 a5 15. Ne3
Nf4 16. Nd5 Ne6 17. Be3 Bc8 18. Qd2 Kh7 19. Bxh6 1-0

[Event "TOP 16"]
[Site "Guingamp FRA"]
[Date "2010.06.06"]
[Round "11"]
[White "Le Diouron, Aurelie"]
[Black "Sighirdjian, Eric Mikhail"]
[Result "0-1"]
[WhiteElo "1956"]
[BlackElo "2149"]
[PlyCount "89"]
[EventDate "2010.03.26"]
[EventType "team"]
[EventRounds "11"]
[EventCountry "FRA"]
[Source "Mark Crowther"]
[SourceDate "2010.06.07"]

1. e4 c5 2. Nf3 e6 3. d4 cxd4 4. Nxd4 Nf6 5. Nc3 Nc6 6. Ndb5 Bb4 7. a3 Bxc3+ 8.
Nxc3 d5 9. exd5 exd5 10. Bd3 d4 11. Ne4 Nxe4 12. Bxe4 Bf5 13. Bxc6+ bxc6 14.
O-O O-O 15. b4 Qf6 16. Bb2 Rad8 17. Kh1 Rd5 18. Qd2 Rfd8 19. Rfe1 Qg6 20. Rac1
Be6 21. f3 Rh5 22. Qf4 Rg5 23. Rg1 Rgd5 24. Qc7 Bf5 25. c4 R5d7 26. Qf4 Bc2 27.
Rge1 h6 28. Qd2 d3 29. Re4 f5 30. Re5 Qf7 31. Rce1 Rf8 32. Rc5 Re8 33. Be5 f4
34. Re4 g5 35. Rxc6 Rde7 36. Bc3 Rxe4 37. fxe4 Rxe4 38. Rxh6 Qf5 39. Rh8+ Kf7
40. Bb2 Qe6 41. h3 Re1+ 42. Kh2 Qe3 43. Rh7+ Kg6 44. Rg7+ Kh6 45. Qf2 0-1

[Event "TOP 16"]
[Site "Guingamp FRA"]
[Date "2010.06.06"]
[Round "11"]
[White "Milliet, Sophie"]
[Black "Guilleux, Fabien"]
[Result "1/2-1/2"]
[WhiteElo "2391"]
[BlackElo "2358"]
[PlyCount "37"]
[EventDate "2010.03.26"]
[EventType "team"]
[EventRounds "11"]
[EventCountry "FRA"]
[Source "Mark Crowther"]
[SourceDate "2010.06.07"]

1. e4 c5 2. Nf3 Nc6 3. Nc3 d6 4. d4 cxd4 5. Nxd4 Nf6 6. Bg5 e6 7. Qd2 a6 8.
O-O-O h6 9. Nxc6 bxc6 10. Bf4 d5 11. Qe3 Bb4 12. Be2 O-O 13. e5 Nd7 14. Bxh6
gxh6 15. Qxh6 Nxe5 16. Rd3 Nxd3+ 17. Bxd3 f5 18. Qg6+ Kh8 19. Qh6+ 1/2-1/2

[Event "TOP 16"]
[Site "Guingamp FRA"]
[Date "2010.06.06"]
[Round "11"]
[White "Lahno, Kateryna"]
[Black "Le Roux, Jean Pierre"]
[Result "1/2-1/2"]
[WhiteElo "2518"]
[BlackElo "2512"]
[PlyCount "51"]
[EventDate "2010.03.26"]
[EventType "team"]
[EventRounds "11"]
[EventCountry "FRA"]
[Source "Mark Crowther"]
[SourceDate "2010.06.07"]

1. e4 c6 2. c4 e5 3. Nf3 d6 4. d4 Bg4 5. dxe5 Bxf3 6. gxf3 dxe5 7. Qxd8+ Kxd8
8. f4 Bb4+ 9. Ke2 Nd7 10. Rg1 Ngf6 11. Rxg7 Nxe4 12. Bh3 exf4 13. Rxf7 f3+ 14.
Rxf3 Re8 15. Bxd7 Kxd7 16. Rf7+ Ke6 17. Rxh7 Bc5 18. Nd2 Nf6 19. Rxb7 Kf5+ 20.
Kf3 Rad8 21. Nf1 Re1 22. Ng3+ Kg6 23. Be3 Rxa1 24. Bxc5 Rxa2 25. Bxa7 Rd7 26.
Rxd7 1/2-1/2

[Event "TOP 16"]
[Site "Guingamp FRA"]
[Date "2010.06.06"]
[Round "11"]
[White "Feller, Sebastien"]
[Black "Apicella, Manuel"]
[Result "1/2-1/2"]
[WhiteElo "2576"]
[BlackElo "2523"]
[PlyCount "120"]
[EventDate "2010.03.26"]
[EventType "team"]
[EventRounds "11"]
[EventCountry "FRA"]
[Source "Mark Crowther"]
[SourceDate "2010.06.07"]

1. d4 e6 2. c4 Bb4+ 3. Bd2 Qe7 4. g3 Nf6 5. Bg2 O-O 6. Nf3 Bxd2+ 7. Qxd2 Ne4 8.
Qc2 Qb4+ 9. Nbd2 Nxd2 10. Nxd2 Qe7 11. Qb3 a5 12. O-O a4 13. Qc3 d6 14. Rac1
Nd7 15. c5 d5 16. e4 dxe4 17. Nxe4 Nf6 18. Rfe1 Rd8 19. Nd2 Nd5 20. Qc4 Qf6 21.
Ne4 Qg6 22. Nc3 Nxc3 23. bxc3 Ra7 24. Rb1 h6 25. a3 e5 26. d5 Bf5 27. Rbd1 Bc2
28. Be4 Bb3 29. Qxb3 axb3 30. Bxg6 fxg6 31. Rxe5 Rxa3 32. Rb1 Kf7 33. c4 Rda8
34. Re3 R8a5 35. Rbxb3 Rxb3 36. Rxb3 Rxc5 37. Rxb7 Kf6 38. Rb4 Ke5 39. h4 h5
40. Kg2 Kd4 41. Rb7 Ke5 42. f4+ Ke4 43. Rb4 Ra5 44. Rb2 Ke3 45. Rf2 Kd3 46. f5
gxf5 47. Rxf5 Kxc4 48. Rxh5 Rxd5 49. Rh7 Rd7 50. h5 Kd5 51. h6 Ke6 52. hxg7
Rd2+ 53. Kf3 Kf7 54. g8=R+ Kxg8 55. Rxc7 Rd4 56. Re7 Ra4 57. Re4 Ra5 58. Kf4
Kf7 59. Re5 Rxe5 60. Kxe5 Kg6 1/2-1/2

[Event "TOP 16"]
[Site "Guingamp FRA"]
[Date "2010.06.06"]
[Round "11"]
[White "Cossin, Sebastien"]
[Black "Hauchard, Arnaud"]
[Result "1/2-1/2"]
[WhiteElo "2497"]
[BlackElo "2527"]
[PlyCount "151"]
[EventDate "2010.03.26"]
[EventType "team"]
[EventRounds "11"]
[EventCountry "FRA"]
[Source "Mark Crowther"]
[SourceDate "2010.06.07"]

1. d4 d6 2. Nf3 g6 3. g3 Bg7 4. Bg2 Nf6 5. O-O O-O 6. c4 Nc6 7. Nc3 a6 8. Qc2
Bf5 9. e4 Bg4 10. d5 Bxf3 11. Bxf3 Nd4 12. Qd1 Nxf3+ 13. Qxf3 Nd7 14. Be3 c5
15. dxc6 bxc6 16. Rac1 Qa5 17. Bd2 Ne5 18. Qe2 c5 19. b3 Nc6 20. f4 e6 21. Qg2
Nd4 22. Kh1 Rab8 23. g4 Qd8 24. g5 f5 25. gxf6 Qxf6 26. e5 dxe5 27. Ne4 Qe7 28.
fxe5 Rxf1+ 29. Rxf1 Rf8 30. Bg5 Rxf1+ 31. Qxf1 Qb7 32. Qg2 Qb4 33. Bd2 Qb6 34.
Nd6 Bxe5 35. Qa8+ Kg7 36. Ne4 Qc7 37. Bg5 Qf7 38. Nd2 Bf4 39. Qg2 h6 40. Bxf4
Qxf4 41. Ne4 Qe5 42. Ng3 h5 43. Qb7+ Kh6 44. Qf7 Nf5 45. Kg2 Kg5 46. Qd7 h4 47.
Qd8+ Kf4 48. Qd2+ Qe3 49. Ne2+ Kg4 50. Qxe3 Nxe3+ 51. Kf2 Nc2 52. Nc3 Kh3 53.
Kg1 Nd4 54. Ne4 Nf3+ 55. Kh1 Nxh2 56. b4 Nf3 57. b5 axb5 58. cxb5 Nd4 59. b6 c4
60. b7 Nc6 61. a4 Nb8 62. a5 Kg4 63. Kh2 Kf3 64. Nd2+ Ke3 65. Nxc4+ Kd4 66. Nd2
e5 67. Nf3+ Kd5 68. Nxh4 g5 69. Nf3 g4 70. Nh4 Kc6 71. Kg3 Kxb7 72. Kxg4 Nc6
73. Kf5 Ka6 74. Nf3 Kxa5 75. Nxe5 Nxe5 76. Kxe5 1/2-1/2

[Event "TOP 16"]
[Site "Guingamp FRA"]
[Date "2010.06.06"]
[Round "11"]
[White "Bensdorp, Marlies"]
[Black "Bodenez, Vincent"]
[Result "1/2-1/2"]
[WhiteElo "2289"]
[BlackElo "2186"]
[PlyCount "98"]
[EventDate "2010.03.26"]
[EventType "team"]
[EventRounds "11"]
[EventCountry "FRA"]
[Source "Mark Crowther"]
[SourceDate "2010.06.07"]

1. d4 Nf6 2. c4 e6 3. Nf3 d5 4. e3 c6 5. Nbd2 Nbd7 6. Bd3 Bd6 7. O-O O-O 8. b3
Qe7 9. Bb2 e5 10. e4 dxe4 11. Nxe4 Nxe4 12. Bxe4 f5 13. dxe5 Nxe5 14. Bxe5 Bxe5
15. Bd5+ cxd5 16. Qxd5+ Kh8 17. Qxe5 Qxe5 18. Nxe5 f4 19. Rad1 Bf5 20. Rfe1 Kg8
21. h4 Rad8 22. Kf1 Rfe8 23. Rd5 h6 24. f3 Kf8 25. Red1 Rxd5 26. Rxd5 Bb1 27.
a3 Bc2 28. b4 Ke7 29. Rd2 Bf5 30. c5 Kf6 31. Nc4 Re7 32. Nd6 Bd7 33. Re2 Rxe2
34. Kxe2 b6 35. Kd3 bxc5 36. bxc5 Ke5 37. Kc4 a6 38. Nf7+ Kf6 39. Nd8 Bb5+ 40.
Kd4 Bf1 41. c6 Ke7 42. Nb7 Bxg2 43. Ke4 g5 44. Nc5 Kd6 45. Nxa6 Kxc6 46. Nb4+
Kb5 47. Nd3 gxh4 48. Kxf4 Bxf3 49. Kxf3 Ka4 1/2-1/2

[Event "TOP 16"]
[Site "Guingamp FRA"]
[Date "2010.06.06"]
[Round "11"]
[White "Eljanov, Pavel"]
[Black "Sebag, Marie"]
[Result "1/2-1/2"]
[WhiteElo "2736"]
[BlackElo "2506"]
[PlyCount "134"]
[EventDate "2010.03.26"]
[EventType "team"]
[EventRounds "11"]
[EventCountry "FRA"]
[Source "Mark Crowther"]
[SourceDate "2010.06.07"]

1. d4 d5 2. Bf4 Nf6 3. e3 c5 4. c3 e6 5. Nd2 Nc6 6. Ngf3 Bd6 7. Bg3 O-O 8. Bd3
Qe7 9. Ne5 Nd7 10. Ndf3 f6 11. Nxc6 bxc6 12. Bxd6 Qxd6 13. Qc2 f5 14. O-O a5
15. Rfd1 c4 16. Be2 Ba6 17. b3 Nb6 18. Ne5 cxb3 19. axb3 Bxe2 20. Qxe2 Rfb8 21.
Qc2 c5 22. c4 dxc4 23. bxc4 Rc8 24. Qa2 a4 25. Qa3 Qc7 26. dxc5 Qxe5 27. cxb6
Rxc4 28. Qe7 h6 29. Rab1 Kh7 30. g3 Rb8 31. Qa7 Rc6 32. Rd7 a3 33. b7 Rc3 34.
h4 h5 35. Rd2 Qc7 36. Kh2 Rc1 37. Qxb8 Qxb8 38. Rxc1 Qxb7 39. Ra1 Qa8 40. Rd3
Qf3 41. Ra2 f4 42. Rdxa3 fxg3+ 43. fxg3 e5 44. Rg2 e4 45. Rb2 Kh6 46. Ra6+ Kh7
47. Ra5 Kh6 48. Ra3 Kh7 49. Rg2 Kh6 50. Rb3 Kh7 51. Ra2 Kh6 52. Rc2 Kh7 53.
Rbc3 Kh6 54. Rg2 Kh7 55. Rcc2 Qxe3 56. Rce2 Qd3 57. Re1 g5 58. hxg5 Kg6 59.
Rge2 h4 60. gxh4 Qf3 61. Rg2 Qf4+ 62. Kh3 e3 63. Rge2 Qf3+ 64. Kh2 Qf4+ 65. Kg1
Qg3+ 66. Kf1 Qf3+ 67. Kg1 Qg3+ 1/2-1/2

[Event "TOP 16"]
[Site "Guingamp FRA"]
[Date "2010.06.06"]
[Round "11"]
[White "Le Goff, Damien"]
[Black "Leconte, M."]
[Result "0-1"]
[WhiteElo "2281"]
[BlackElo "2330"]
[PlyCount "104"]
[EventDate "2010.03.26"]
[EventType "team"]
[EventRounds "11"]
[EventCountry "FRA"]
[Source "Mark Crowther"]
[SourceDate "2010.06.07"]

1. e4 e6 2. d4 d5 3. Nd2 c5 4. exd5 exd5 5. dxc5 Bxc5 6. Nb3 Bb6 7. Nf3 Nf6 8.
Bb5+ Bd7 9. Qe2+ Ne4 10. Be3 O-O 11. Bxd7 Nxd7 12. Bxb6 Qxb6 13. O-O Ndf6 14.
a4 a6 15. Nfd4 Rfe8 16. Qd3 Nd6 17. a5 Qc7 18. Nd2 Re7 19. c3 Rae8 20. h3 Nc4
21. Nxc4 dxc4 22. Qg3 Qc5 23. Kh2 Ne4 24. Qg4 h5 25. Qf4 Qe5 26. Qxe5 Rxe5 27.
Rfe1 Nxf2 28. Rxe5 Rxe5 29. Ra4 Rc5 30. Rb4 Rc7 31. Kg3 Nd3 32. Rb6 Nc5 33. Rb4
g6 34. Kf3 Nd3 35. Rb6 Re7 36. Nc2 Ne5+ 37. Kf2 Nc6 38. Ne3 Nxa5 39. Rd6 Kg7
40. Rd5 b5 41. g4 hxg4 42. hxg4 Nc6 43. Rd6 Re6 44. Rd2 Ne5 45. Kg3 Nd3 46. Nd5
f5 47. gxf5 gxf5 48. b3 Nc5 49. Kf4 cxb3 50. Kxf5 Re1 51. Nb6 Rf1+ 52. Kg4 Na4
0-1

[Event "TOP 16"]
[Site "Guingamp FRA"]
[Date "2010.06.06"]
[Round "11"]
[White "Bailet, Pierre"]
[Black "Guidarelli, Laurent"]
[Result "1-0"]
[WhiteElo "2367"]
[BlackElo "2433"]
[PlyCount "45"]
[EventDate "2010.03.26"]
[EventType "team"]
[EventRounds "11"]
[EventCountry "FRA"]
[Source "Mark Crowther"]
[SourceDate "2010.06.07"]

1. e4 c5 2. Nf3 b6 3. d4 cxd4 4. Nxd4 Bb7 5. Nc3 a6 6. Be3 e6 7. Qd2 Qc7 8. f3
Nf6 9. O-O-O h5 10. Qf2 d6 11. e5 Nfd7 12. exd6 Qxd6 13. Bc4 Qe7 14. Rhe1 Ne5
15. Bxe6 fxe6 16. Bf4 Ng6 17. Nxe6 Kf7 18. Ng5+ Kg8 19. Rxe7 Bxe7 20. Qxb6 Bxg5
21. Bxg5 Bc6 22. Rd6 Ne5 23. f4 1-0

[Event "TOP 16"]
[Site "Guingamp FRA"]
[Date "2010.06.06"]
[Round "11"]
[White "Govciyan, Pavel"]
[Black "Terrieux, Kevin"]
[Result "1-0"]
[WhiteElo "2430"]
[BlackElo "2423"]
[PlyCount "97"]
[EventDate "2010.03.26"]
[EventType "team"]
[EventRounds "11"]
[EventCountry "FRA"]
[Source "Mark Crowther"]
[SourceDate "2010.06.07"]

1. d4 Nf6 2. c4 g6 3. Nc3 Bg7 4. e4 d6 5. Be2 O-O 6. Nf3 Na6 7. O-O e5 8. Be3
c6 9. dxe5 dxe5 10. h3 Qe7 11. Qa4 Re8 12. Rfd1 Nh5 13. Bf1 f5 14. Rab1 f4 15.
Bc1 Nc5 16. Qa3 a5 17. Re1 Bf8 18. Na4 Nxa4 19. Qxa4 Ng7 20. b4 Bd7 21. bxa5 c5
22. Qa3 Bc6 23. Bb2 Qf6 24. Bc3 Bd6 25. Rbd1 Qe7 26. Bd3 Bc7 27. Bc2 g5 28. Ba4
h5 29. Bxc6 bxc6 30. Rb1 g4 31. hxg4 hxg4 32. Nh2 Qh4 33. Rb7 Bd6 34. Rd1 Rad8
35. Qb2 Re6 36. Qb6 Rh6 37. Kf1 f3 38. gxf3 g3 39. Ng4 Rg6 40. Ke2 Rxg4 41.
fxg4 Rf8 42. Rxd6 Qxg4+ 43. f3 Rxf3 44. Rd8+ Rf8+ 45. Kd3 Qd1+ 46. Bd2 Qf1+ 47.
Kc3 g2 48. Rxf8+ Qxf8 49. Be3 1-0

[Event "TOP 16"]
[Site "Guingamp FRA"]
[Date "2010.06.06"]
[Round "11"]
[White "Gashimov, Vugar"]
[Black "Van Wely, Loek"]
[Result "0-1"]
[WhiteElo "2740"]
[BlackElo "2639"]
[PlyCount "122"]
[EventDate "2010.03.26"]
[EventType "team"]
[EventRounds "11"]
[EventCountry "FRA"]
[Source "Mark Crowther"]
[SourceDate "2010.06.07"]

1. e4 c5 2. Nf3 d6 3. d4 cxd4 4. Nxd4 Nf6 5. Nc3 a6 6. Bg5 e6 7. f4 Nbd7 8. Bc4
Qb6 9. Bxf6 Nxf6 10. Qd3 Qxb2 11. O-O Nd7 12. Bb3 Nc5 13. Qe3 Qa3 14. f5 Bd7
15. fxe6 fxe6 16. Rab1 Be7 17. Qg3 g6 18. Kh1 Nxb3 19. cxb3 Qc5 20. Nce2 Rf8
21. Rfc1 Qe5 22. Qd3 Rc8 23. Rxc8+ Bxc8 24. Nf3 Qb5 25. Qd2 Bd7 26. Rc1 Qh5 27.
Qe3 g5 28. Ng3 Qg4 29. Rc7 Qf4 30. Qxf4 Rxf4 31. Rxb7 Bc6 32. Rb6 Bxe4 33. Rxa6
Bd5 34. Kg1 g4 35. Nd2 Rd4 36. Ndf1 Rd1 37. Kf2 Ra1 38. Nd2 Bf6 39. Nge4 Be5
40. g3 Rh1 41. Nxd6+ Ke7 42. N6e4 Rxh2+ 43. Ke3 Rh1 44. Ra7+ Kf8 45. Nc5 Bxg3
46. Nd7+ Kg7 47. Ne5+ Kf6 48. Nxg4+ Kf5 49. Rg7 Re1+ 50. Kd3 Bf4 51. Nc4 Bxc4+
52. Kxc4 Re2 53. Rxh7 Kxg4 54. a4 Ra2 55. Kb5 e5 56. Re7 Kf3 57. a5 e4 58. b4
e3 59. Ka6 e2 60. Rxe2 Kxe2 61. b5 Bd2 0-1

[Event "TOP 16"]
[Site "Guingamp FRA"]
[Date "2010.06.06"]
[Round "11"]
[White "Edouard, Romain"]
[Black "Dorfman, Josif D"]
[Result "1/2-1/2"]
[WhiteElo "2617"]
[BlackElo "2587"]
[PlyCount "75"]
[EventDate "2010.03.26"]
[EventType "team"]
[EventRounds "11"]
[EventCountry "FRA"]
[Source "Mark Crowther"]
[SourceDate "2010.06.07"]

1. d4 d5 2. c4 c6 3. Nf3 Nf6 4. Nc3 dxc4 5. a4 Bf5 6. e3 e6 7. Bxc4 Bb4 8. O-O
Nbd7 9. Nh4 O-O 10. f3 Bg6 11. Qb3 Qb6 12. Rd1 e5 13. Nxg6 hxg6 14. Ne2 exd4
15. Nxd4 Ne5 16. Nc2 Nxc4 17. Qxc4 Be7 18. a5 Qc7 19. e4 Bd6 20. h3 Be5 21. Qb4
b6 22. Be3 Rab8 23. axb6 axb6 24. Rd2 Rfd8 25. Rxd8+ Qxd8 26. Qb3 c5 27. f4 Bc7
28. e5 Qd5 29. Qa4 Ne4 30. Na3 Qd3 31. Re1 b5 32. Qd1 Qxd1 33. Rxd1 g5 34. Rd7
gxf4 35. Bxf4 g5 36. Bh2 b4 37. Nc4 Rd8 38. Rxd8+ 1/2-1/2